LIBRARY & INFORMATION CENTRE, KCAET, TAVANUR

ONLINE PUBLIC ACCESS CATALOGUE (OPAC)

Philosophy of modern act / (Record no. 5002)

MARC details
000 -LEADER
fixed length control field 00349cam a2200145ua 4500
041 ## - LANGUAGE CODE
Language code of text/sound track or separate title eng
082 ## - DEWEY DECIMAL CLASSIFICATION NUMBER
Classification number 750
Item number REA/PH
100 ## - MAIN ENTRY--AUTHOR NAME
Personal name Read, Herbert .
245 ## - TITLE STATEMENT
Title Philosophy of modern act /
260 ## - PUBLICATION, DISTRIBUTION, ETC. (IMPRINT)
Place of publication London :
Name of publisher Faber and Faber Ltd.
300 ## - PHYSICAL DESCRIPTION
Number of Pages 278 ; .
942 ## - ADDED ENTRY ELEMENTS (KOHA)
Koha item type Books
Holdings
Withdrawn status Lost status Damaged status Home library Current library Date acquired Full call number Accession Number Koha item type
      KAUAET KAUAET 07/04/2012 750 11722 Books
free website counter